La nueva izquierda chilena/ Noam Titelman
Este análisis examina el surgimiento y la evolución de la nueva izquierda en Chile. El autor examina cómo este movimiento político ha surgido como respuesta a las demandas de cambio social, económico y político en el país. Se exploran las características principales de la nueva izquierda, incluyendo...
Guardado en:
| Autor principal: | |
|---|---|
| Formato: | Texto |
| Lenguaje: | Spanish |
| Materias: | |
| Acceso en línea: | texto completo desde el sitio de la revista |
| Etiquetas: |
Agregar Etiqueta
Sin Etiquetas, Sea el primero en etiquetar este registro!
|
MARC
| LEADER | 00000 a a2200000 04500 | ||
|---|---|---|---|
| 001 | 47277 | ||
| 003 | cru CIDCACS/IIS | ||
| 005 | 20230902164901.0 | ||
| 008 | 200108t2019 ag |||p|r||||||0| ||spa|d | ||
| 040 | |c cru CIDCACS/IIS | ||
| 100 | 1 | |a Titelman, Noam |9 8889 | |
| 245 | 1 | 3 | |a La nueva izquierda chilena/ |b Noam Titelman |
| 300 | |a páginas 117-128: |b tabla | ||
| 520 | |a Este análisis examina el surgimiento y la evolución de la nueva izquierda en Chile. El autor examina cómo este movimiento político ha surgido como respuesta a las demandas de cambio social, económico y político en el país. Se exploran las características principales de la nueva izquierda, incluyendo su enfoque en la justicia social, la igualdad de género y la sostenibilidad ambiental. Se discute cómo la nueva izquierda ha buscado distanciarse de las estructuras políticas tradicionales y establecerse como una alternativa fresca y progresista. Se abordan sus estrategias de movilización, sus desafíos en la construcción de una base sólida y su influencia en el panorama político chileno. A través de un análisis detallado, se brinda una comprensión profunda de la dinámica y el impacto de la nueva izquierda en la sociedad chilena. RAR 10/2022 | ||
| 650 | 0 | |2 OCDE |9 4498 |a IZQUIERDA | |
| 650 | 0 | |2 OCDE |9 3 |a MOVIMIENTOS SOCIALES | |
| 650 | 0 | |2 OCDE |9 4726 |a PROGRESISMO | |
| 650 | 0 | |2 OCDE |9 4611 |a IGUALDAD DE GENERO | |
| 650 | 4 | |2 OCDE |9 1933 |a CAMBIO SOCIAL | |
| 650 | 4 | |2 UNESCO |9 3207 |a PARTICIPACION POLITICA | |
| 650 | 0 | |2 UNESCO |9 2130 |a JUSTICIA SOCIAL | |
| 773 | 0 | |0 19022 |9 3750 |a Fundación Friedrich Ebert |d Fundación Friedrich Ebert; Nueva Sociedad |o 18573 |t Nueva Sociedad / | |
| 856 | |u https://www.nuso.org/media/articles/downloads/7.TC_Titelman_281_GDqo83u.pdf |y texto completo desde el sitio de la revista | ||
| 942 | |2 ddc |c PP | ||
| 999 | |c 42796 |d 42796 | ||
